Deux traités de l'amour de dieu: De la contemplation de dieu de la nature et de la dignité de l'amour

Sparad:
Bibliografiska uppgifter
Huvudupphovsman: Saint-Thierry, Guillaume (Författare, medförfattare)
Materialtyp: Bok
Språk:franska
Publicerad: París J. Vrin 1953
Serie:Bibliothèque des Textes Philosophiques
Ämnen:
Taggar: Lägg till en tagg
Inga taggar, Lägg till första taggen!

MARC

LEADER 00000nam a2200000 a 4500
001 UCZ3915
003 CL-VaPUC
008 951027e19530000FR |||||||||||||||||fre|d
082 0 4 |a 189  |b SAI  |2 21 
100 0 |a Saint-Thierry, Guillaume  |e author  |9 347758 
245 1 0 |a Deux traités de l'amour de dieu: De la contemplation de dieu de la nature et de la dignité de l'amour 
300 |a 188 p 
942 |c BK 
945 |d 19951027 00:00:00  |a lriquelm 
260 |a París  |b J. Vrin  |c 1953 
600 0 |a Dios  |9 314467 
650 0 |a Filosofía medieval  |9 256245 
650 0 |a Teología   |9 258766 
650 0 |a Amor  |9 257817 
650 0 |a Creencia Religiosa  |9 316904 
583 |a last modification  |c 19951027 00:00:00  |k Rodrigo Vera 
490 0 |a Bibliothèque des Textes Philosophiques 
999 |c 240358  |d 240356 
952 |0 0  |1 0  |4 0  |6 189_000000000000000_SAI_1953  |7 0  |8 P  |9 252199  |a BIBEDU  |b BIBEDU  |c BIBEDU_PB  |d 2019-11-18  |i 1591770  |o 189 SAI 1953  |p 1591770  |r 2024-01-25  |w 2019-11-18  |y BK  |k FIL